How to write amazing essays : (Record no. 2639)
[ view plain ]
| 000 -LEADER | |
|---|---|
| fixed length control field | 00643nam a22002177a 4500 |
| 003 - CONTROL NUMBER IDENTIFIER | |
| control field | OSt |
| 005 - DATE AND TIME OF LATEST TRANSACTION | |
| control field | 20260428143003.0 |
| 008 - FIXED-LENGTH DATA ELEMENTS--GENERAL INFORMATION | |
| fixed length control field | 231231s2023 xx ||||| |||| 00| 0 eng d |
| 020 ## - INTERNATIONAL STANDARD BOOK NUMBER | |
| International Standard Book Number | 9781739401610 |
| 040 ## - CATALOGING SOURCE | |
| Original cataloging agency | MILA |
| Language of cataloging | eng |
| Transcribing agency | MILA |
| 050 ## - LIBRARY OF CONGRESS CALL NUMBER | |
| Classification number | LB2369 |
| Item number | .M37 2023 |
| 100 1# - MAIN ENTRY--PERSONAL NAME | |
| Personal name | Martin, Josh, |
| Dates associated with a name | Dr. |
| 245 10 - TITLE STATEMENT | |
| Title | How to write amazing essays : |
| Remainder of title | the complete guide to essay planning, research, writing and structuring / |
| Statement of responsibility, etc. | Josh Martin. |
| 260 ## - PUBLICATION, DISTRIBUTION, ETC. | |
| Place of publication, distribution, etc. | [S.l.] : |
| Name of publisher, distributor, etc. | Academy Works, |
| Date of publication, distribution, etc. | 2023. |
| 300 ## - PHYSICAL DESCRIPTION | |
| Extent | 246 p. ; |
| Dimensions | 23 cm. |
| 650 #0 - SUBJECT ADDED ENTRY--TOPICAL TERM | |
| Topical term or geographic name entry element | Essay writing. |
| 650 #0 - SUBJECT ADDED ENTRY--TOPICAL TERM | |
| Topical term or geographic name entry element | Academic writing. |
| 650 #0 - SUBJECT ADDED ENTRY--TOPICAL TERM | |
| Topical term or geographic name entry element | Study skills. |
| 650 #0 - SUBJECT ADDED ENTRY--TOPICAL TERM | |
| Topical term or geographic name entry element | Research. |
| 942 ## - ADDED ENTRY ELEMENTS (KOHA) | |
| Source of classification or shelving scheme | Library of Congress Classification |
| Koha item type | Book |
| Withdrawn status | Lost status | Source of classification or shelving scheme | Damaged status | Not for loan | Home library | Current library | Shelving location | Date acquired | Source of acquisition | Cost, normal purchase price | Total Checkouts | Full call number | Barcode | Date last seen | Cost, replacement price | Price effective from | Koha item type |
|---|---|---|---|---|---|---|---|---|---|---|---|---|---|---|---|---|---|
| Library of Congress Classification | MILA University Central Library | MILA University Central Library | General Stacks | 28/04/2026 | Emo Book Services Sdn Bhd | 139.42 | LB2369 .M37 2023 | 0003602 | 28/04/2026 | 139.42 | 28/04/2026 | Book |
